| 000 | 01605nam0a2200373 4500 | ||
|---|---|---|---|
| 001 | RU\NLR\BIBL_A\012865389 | ||
| 005 | 20220823103511.0 | ||
| 010 |
_a978-5-907463-52-3 _91000 |
||
| 021 |
_aRU _bКН-П-22-038236 _9КН-П-22-3299 |
||
| 035 | _a(NLR Aleph) 012865389 | ||
| 090 |
_a12472489 _c12472489 |
||
| 100 | _a20220812d2022 u y0rusy50 ca | ||
| 101 | 0 | _arus | |
| 102 | _aRU | ||
| 105 | _ay|||z|||000 y | ||
| 181 | 0 |
_ai4 _baxxe |
|
| 182 | 0 | _an | |
| 200 | 1 |
_aПожелайте мне царство небесное _eсборник историй _fпротоиерей Михаил Резин |
|
| 203 |
_aТекст _bвизуальный _cнепосредственный |
||
| 205 | _a(Изд. 4-е) | ||
| 210 |
_aМосква _cСеребро Слов _d2022 |
||
| 215 |
_a695 с. _d21 |
||
| 320 | _aДр. произведения авт. на 4-й с. обл. | ||
| 327 | 0 | _aСодерж.: Оглянуться на прошлое; Россия; Искушения; О, Ардатов!; Эксперимент; Женщины; Афон; Подвиг; Тамара и ее дети; Ольга [и др.] | |
| 606 | 1 |
_aДуховно-нравственное чтение _92074545 _3RU\NLR\AUTH\661249549 |
|
| 686 | 2 | _aЭ372.24-681.2 | |
| 686 | 2 | _aШ6(2=Р)8-440.5 | |
| 700 | 1 |
_aРезин _bМ. С. _f1951- _gМихаил Семенович _9146031 _3RU\NLR\AUTH\770146067 |
|
| 942 | _cBOOK | ||
| 980 | _aNB | ||